Sports Quiz

Random Sports or Baseball Quiz

Polysyllabic MLB Teams Quiz Stats

 Plays Quiz Updated Jun 28, 2017

Score 0/7 Timer 01:30
0 Plays Today
% Correct
Diamondbacks
83.4%
Mariners
81.9%
Cardinals
74.7%
Nationals
73%
Orioles
72.3%
Indians
66.5%
Athletics
66.1%

You're not logged in!

Compare scores with friends on all Sporcle quizzes.
OR
Log In

Show Comments

Extras

Top Quizzes Today


Score Distribution

Your Account Isn't Verified!

In order to create a playlist on Sporcle, you need to verify the email address you used during registration. Go to your Sporcle Settings to finish the process.

Report this User

Report this user for behavior that violates our Community Guidelines.

Details: